000 00505nam a2200193Ia 4500
005 20250326145412.0
008 250326s9999 xx 000 0 und d
037 _aTextbook
040 _aFMSL
_beng
_cFMSL
041 _aeng
_2eng
084 _qFMSL
100 _aAylott E
_9751098
245 0 _aEmployee Risk Management
_cAylott E
260 _aUnited Kingdom
_bUnited Kingdom, Kogan
_c2014
365 _b3070.6799999999998
650 _aManagement
942 _cTB
999 _c1307453
_d1307453